000 00283nam a2200109Ia 4500
100 _aWong Sean Giap
245 0 _aEvaluation of Epoxidised Natural Rubber latices for adhesives
650 _aAdhesives
650 _aEpoxidised natural rubber
700 _aChen Seong Fong
942 _cJS
999 _c58923
_d58923